[Event "KOS-chT"]
[Site "Pristina"]
[Date "2017.05.21"]
[Round "5.1"]
[White "Salihu, Sami"]
[Black "Seitaj, Ilir"]
[Result "1/2-1/2"]
[WhiteElo "2149"]
[BlackElo "2374"]
[PlyCount "30"]
[EventDate "2017.05.17"]
[EventType "team-tourn"]
[EventRounds "7"]
[EventCountry "KOS"]
[SourceTitle "CBM 178 Extra"]
[Source "ChessBase"]
[SourceDate "2017.06.22"]
[SourceVersion "1"]
[SourceVersionDate "2017.06.22"]
[SourceQuality "1"]
[WhiteTeam "Dardania"]
[BlackTeam "Pristina"]
[WhiteTeamCountry "KOS"]
[BlackTeamCountry "KOS"]

1. d4 d5 2. Nf3 Nf6 3. e3 e6 4. Bd3 c5 5. b3 Nc6 6. c3 Bd6 7. Bb2 cxd4 8. exd4 0-0 9. 0-0 Nh5 10. Re1 g6 11. Nbd2 Bd7 12. Ne5 Rc8 13. Ndf3 Be8 14. Qd2 Qf6 15. g3 a6 1/2-1/2

[Event "KOS-chT"]
[Site "Pristina"]
[Date "2017.05.19"]
[Round "3.3"]
[White "Mehaj, Driton"]
[Black "Seitaj, Ilir"]
[Result "0-1"]
[WhiteElo "2140"]
[BlackElo "2374"]
[PlyCount "68"]
[EventDate "2017.05.17"]
[EventType "team-tourn"]
[EventRounds "7"]
[EventCountry "KOS"]
[SourceTitle "CBM 178 Extra"]
[Source "ChessBase"]
[SourceDate "2017.06.22"]
[SourceVersion "1"]
[SourceVersionDate "2017.06.22"]
[SourceQuality "1"]
[WhiteTeam "Decani"]
[BlackTeam "Pristina"]
[WhiteTeamCountry "KOS"]
[BlackTeamCountry "KOS"]

1. e4 e5 2. Nf3 Nc6 3. Bc4 Nf6 4. d3 Be7 5. Nc3 0-0 6. h3 d6 7. a4 Be6 8. Bxe6 fxe6 9. 0-0 Qd7 10. d4 exd4 11. Nxd4 Rad8 12. Re1 a6 13. Be3 Nxd4 14. Qxd4 c5 15. Qd3 Qc6 16. Bg5 Rf7 17. Rad1 c4 18. Qe3 d5 19. exd5 exd5 20. Qe6 d4 21. Qxc6 bxc6 22. Bxf6 Bxf6 23. Ne4 Rb7 24. Rb1 Be7 25. Red1 Rb4 26. b3 d3 27. cxd3 cxb3 28. Kf1 Rdb8 29. Rdc1 Rxa4 30. Ke2 Ra2+ 31. Ke3 a5 32. Rxc6 a4 33. f4 Rxg2 34. Ra6 a3 0-1

[Event "Olympiad-42"]
[Site "Baku"]
[Date "2016.09.13"]
[Round "11.3"]
[White "Gadimbayli, Abdulla Azar"]
[Black "Seitaj, Ilir"]
[Result "1/2-1/2"]
[WhiteElo "2294"]
[BlackElo "2374"]
[PlyCount "101"]
[EventDate "2016.09.02"]
[EventType "team-swiss"]
[EventRounds "11"]
[EventCountry "AZE"]
[SourceTitle "CBM 175"]
[Source "ChessBase"]
[SourceDate "2016.11.10"]
[SourceVersion "1"]
[SourceVersionDate "2016.11.10"]
[SourceQuality "1"]
[WhiteTeam "Azerbaijan III"]
[BlackTeam "Albania"]
[WhiteTeamCountry "AZE"]
[BlackTeamCountry "ALB"]

1. e4 e5 2. Nc3 Nf6 3. g3 Bc5 4. Bg2 d6 5. Nge2 Nc6 6. d3 Be6 7. Nd5 h6 8. 0-0 Qd7 9. c3 Bxd5 10. exd5 Ne7 11. d4 exd4 12. Nxd4 0-0 13. Nc2 Rfe8 14. Be3 Rad8 15. c4 Qg4 16. b4 Bxe3 17. Nxe3 Qxd1 18. Rfxd1 Ng6 19. Rac1 h5 20. c5 Ng4 21. Nc4 Re2 22. cxd6 cxd6 23. Rd2 Re7 24. h3 Nf6 25. Ne3 Ne5 26. Rc3 Ng6 27. Kf1 h4 28. g4 Ne4 29. Bxe4 Rxe4 30. a3 a5 31. bxa5 Ra4 32. Nc4 Nf4 33. Rd4 g5 34. Rb3 Rc8 35. Rb4 Rxa3 36. Rxf4 Ra1+ 37. Kg2 gxf4 38. Nxd6 Rd8 39. Nxb7 Rxd5 40. Rxf4 Kg7 41. Rc4 Ra2 42. Nc5 Rxa5 43. Nb3 Ra2 44. Nd4 Re5 45. Rc1 Rea5 46. Rc3 R2a4 47. Nf5+ Rxf5 48. gxf5 Kf6 49. Rc5 Kg5 50. Rb5 f6 51. Rc5 1/2-1/2

[Event "Olympiad-42"]
[Site "Baku"]
[Date "2016.09.10"]
[Round "8.4"]
[White "Seitaj, Ilir"]
[Black "Mertens, Marc"]
[Result "1-0"]
[WhiteElo "2374"]
[BlackElo "2181"]
[PlyCount "70"]
[EventDate "2016.09.02"]
[EventType "team-swiss"]
[EventRounds "11"]
[EventCountry "AZE"]
[SourceTitle "CBM 175"]
[Source "ChessBase"]
[SourceDate "2016.11.10"]
[SourceVersion "1"]
[SourceVersionDate "2016.11.10"]
[SourceQuality "1"]
[WhiteTeam "Albania"]
[BlackTeam "Luxembourg"]
[WhiteTeamCountry "ALB"]
[BlackTeamCountry "LUX"]

1. e4 c5 2. Nf3 d6 3. d4 cxd4 4. Nxd4 Nf6 5. Nc3 a6 6. f4 e6 7. Be2 Be7 8. 0-0 0-0 9. Kh1 Qc7 10. a4 Nc6 11. Be3 Re8 12. Bg1 Nxd4 13. Qxd4 e5 14. Qf2 exf4 15. Qxf4 Be6 16. Bd3 Nd7 17. Nd5 Bxd5 18. exd5 Bf6 19. c3 Re7 20. Rae1 Rae8 21. Rxe7 Rxe7 22. h3 Be5 23. Bxh7+ Kf8 24. Qg4 Bf6 25. Bc2 Re5 26. Qf3 Re7 27. Qh5 Re5 28. Qh8+ Ke7 29. Bd4 Qc4 30. Rd1 Rg5 31. Re1+ Ne5 32. Qb8 Qxd5 33. Be4 Qa5 34. Qxb7+ Ke8 35. Bb6 Qxa4 1-0

[Event "Olympiad-42"]
[Site "Baku"]
[Date "2016.09.09"]
[Round "7.4"]
[White "Moncur, Cecil"]
[Black "Seitaj, Ilir"]
[Result "0-1"]
[WhiteElo "1869"]
[BlackElo "2374"]
[PlyCount "74"]
[EventDate "2016.09.02"]
[EventType "team-swiss"]
[EventRounds "11"]
[EventCountry "AZE"]
[SourceTitle "CBM 175"]
[Source "ChessBase"]
[SourceDate "2016.11.10"]
[SourceVersion "1"]
[SourceVersionDate "2016.11.10"]
[SourceQuality "1"]
[WhiteTeam "Bahamas"]
[BlackTeam "Albania"]
[WhiteTeamCountry "BAH"]
[BlackTeamCountry "ALB"]

1. d4 d5 2. c4 e6 3. Nc3 Nf6 4. cxd5 exd5 5. Bg5 Be7 6. e3 0-0 7. Bd3 Nbd7 8. Qc2 Re8 9. Nf3 c6 10. 0-0 Nf8 11. Rab1 a5 12. a3 Be6 13. b4 axb4 14. axb4 N6d7 15. Bxe7 Qxe7 16. b5 c5 17. dxc5 Nxc5 18. Bf5 Rec8 19. Bxe6 Qxe6 20. Nd4 Qd7 21. Qf5 Nce6 22. Nce2 Rc4 23. Rfd1 Nxd4 24. Nxd4 Rxd4 25. Qf3 Rxd1+ 26. Rxd1 Qxb5 27. h4 Rd8 28. h5 h6 29. Rd4 Ne6 30. Rg4 Qb1+ 31. Kh2 Qb2 32. Qg3 b5 33. f4 b4 34. f5 Ng5 35. Rxg5 hxg5 36. Qxg5 Qf6 37. Qf4 Qd6 0-1